000 00287nam a22001337a 4500
008 170220b xxu||||| |||| 00| 0 eng d
020 _a0838576818
041 _aeng
080 _a615
100 _a5
101 _aSHF
245 _aPHARMACOTHERAPEUTICS
_cYOUNGKIN, E.Q
942 _2udc
_cBK
999 _c5862
_d5862